Države sveta - Statistics

General Stats
  • This quiz has been taken 8,863 times
    8,841 since last reset
  • The average score is 102 of 196
Answers on the Map
Answers color-coded by a green-red scale on the quiz's map according to % correct below.
 
Answer Stats
Country % Correct
Slovenija
93%
Italija
91%
Rusija
91%
Združene države Amerike
91%
Hrvaška
90%
Francija
89%
Kanada
89%
Španija
89%
Avstrija
88%
Kitajska
87%
Nemčija
87%
Bosna in Hercegovina
86%
Portugalska
86%
Srbija
86%
Švedska
86%
Finska
85%
Irska
85%
Norveška
85%
Ukrajina
85%
Velika Britanija
85%
Avstralija
84%
Brazilija
84%
Grčija
84%
Madžarska
84%
Danska
83%
Indija
83%
Japonska
83%
Latvija
83%
Švica
83%
Turčija
83%
Litva
82%
Mehika
82%
Poljska
82%
Argentina
81%
Češka
81%
Egipt
81%
Estonija
81%
Nizozemska
81%
Albanija
80%
Belgija
80%
Belorusija
80%
Islandija
80%
Črna gora
79%
Slovaška
79%
Severna Makedonija
78%
Južna Koreja
77%
Kosovo
77%
Severna Koreja
77%
Čile
76%
Romunija
76%
Madagaskar
75%
Niger
73%
Iran
72%
Bolgarija
71%
Irak
71%
Nova Zelandija
70%
Ciper
69%
Južna Afrika
69%
Luksemburg
68%
Maroko
68%
Peru
68%
Kazahstan
67%
Malta
66%
Indonezija
65%
Moldavija
65%
Vatikan
65%
Kolumbija
64%
Kuba
64%
Mongolija
64%
Nigerija
64%
Tajska
63%
Andora
62%
Pakistan
62%
Izrael
61%
Kongo, Demokratična republika
61%
Saudova Arabija
61%
Kongo
60%
Alžirija
59%
Tunizija
59%
Afganistan
58%
San Marino
58%
Urugvaj
58%
Venezuela
58%
Filipini
57%
Bolivija
56%
Lihtenštajn
56%
Panama
56%
Ekvador
55%
Monako
55%
Sudan
55%
Paragvaj
54%
Vietnam
54%
Čad
53%
Sirija
53%
Uzbekistan
52%
Združeni arabski emirati
52%
Libija
51%
Mali
51%
Nepal
51%
Oman
51%
Šrilanka
50%
Etiopija
49%
Jemen
49%
Gruzija
47%
Jamajka
47%
Somalija
47%
Dominika
46%
Gana
45%
Turkmenistan
45%
Angola
44%
Armenija
44%
Jordanija
44%
Tajvan
44%
Bangladeš
43%
Kenija
43%
Papua Nova Gvineja
43%
Katar
42%
Butan
41%
Kostarika
41%
Maldivi
41%
Malezija
41%
Zimbabve
41%
Gvineja
40%
Haiti
40%
Laos
40%
Slonokoščena obala
40%
Zambija
40%
Azerbajdžan
39%
Dominikanska republika
39%
Južni Sudan
39%
Tanzanija
39%
Gvajana
37%
Honduras
37%
Namibija
37%
Bahami
36%
Tadžikistan
36%
Kambodža
35%
Uganda
35%
Kirgizistan
34%
Libanon
34%
Nikaragva
34%
Bocvana
33%
Mjanmar
33%
Singapur
33%
Surinam
33%
Belize
32%
Gvatemala
32%
Senegal
31%
Togo
31%
Fidži
30%
Mozambik
30%
Eritreja
29%
Salvador
29%
Kamerun
28%
Liberija
28%
Sejšeli
28%
Mavretanija
27%
Mikronezija
27%
Benin
26%
Kuvajt
26%
Srednjeafriška republika
26%
Ruanda
25%
Saint Lucia
25%
Bahrajn
24%
Gabon
24%
Lesoto
24%
Barbados
23%
Ekvatorialna Gvineja
23%
Gambija
23%
Burkina Faso
22%
Mauritius
21%
Trinidad in Tobago
21%
Zelenortski otoki
21%
Brunej
20%
Malavi
20%
Sierra Leone
20%
Džibuti
19%
Gvineja Bissau
19%
Kiribati
19%
Tuvalu
19%
Burundi
18%
Marshallovi otoki
18%
Tonga
18%
Antigva in Barbuda
17%
Palau
17%
Vzhodni Timor
17%
Sao Tome in Príncipe
16%
Grenada
15%
Saint Vincent in Grenadine
15%
Salomonovi otoki
15%
Svazi
15%
Komori
14%
Nauru
14%
Saint Kitts in Nevis
14%
Samoa
14%
Vanuatu
14%
No matching quizzes found
Score Distribution
Percent of People with Each Score
Percentile by Number Answered
Your Score History
You have not taken this quiz since the last reset